<?xml version="1.0" encoding="UTF-8"?>
<record
    xmlns:xsi="http://www.w3.org/2001/XMLSchema-instance"
    xsi:schemaLocation="http://www.loc.gov/MARC21/slim http://www.loc.gov/standards/marcxml/schema/MARC21slim.xsd"
    xmlns="http://www.loc.gov/MARC21/slim">

  <leader>01292nam a22002537a 4500</leader>
  <datafield tag="999" ind1=" " ind2=" ">
    <subfield code="c">60827</subfield>
    <subfield code="d">60827</subfield>
  </datafield>
  <controlfield tag="003">Ge_BSU</controlfield>
  <controlfield tag="005">20231026121426.0</controlfield>
  <controlfield tag="008">231026s2023    ge ||||| |||| 00| 0 geo d</controlfield>
  <datafield tag="020" ind1=" " ind2=" ">
    <subfield code="a">9789941852626</subfield>
  </datafield>
  <datafield tag="041" ind1=" " ind2=" ">
    <subfield code="a">geo</subfield>
  </datafield>
  <datafield tag="080" ind1=" " ind2=" ">
    <subfield code="a">617.7(075.8) &#x10D3;-40</subfield>
  </datafield>
  <datafield tag="100" ind1=" " ind2=" ">
    <subfield code="a">&#x10D3;&#x10D5;&#x10D0;&#x10DA;&#x10D8;, &#x10DB;&#x10D4;&#x10E0;&#x10D0;&#x10D1;</subfield>
    <subfield code="9">20250</subfield>
  </datafield>
  <datafield tag="245" ind1=" " ind2=" ">
    <subfield code="a">&#x10DD;&#x10E4;&#x10D7;&#x10D0;&#x10DA;&#x10DB;&#x10DD;&#x10DA;&#x10DD;&#x10D2;&#x10D8;&#x10D8;&#x10E1; &#x10E1;&#x10D0;&#x10E4;&#x10E3;&#x10EB;&#x10D5;&#x10DA;&#x10D4;&#x10D1;&#x10D8; :</subfield>
    <subfield code="b">[&#x10E1;&#x10D0;&#x10EE;&#x10D4;&#x10DA;&#x10DB;&#x10EB;&#x10E6;&#x10D5;&#x10D0;&#x10DC;&#x10D4;&#x10DA;&#x10DD;] /</subfield>
    <subfield code="c">&#x10DB;&#x10D4;&#x10E0;&#x10D0;&#x10D1; &#x10D3;&#x10D5;&#x10D0;&#x10DA;&#x10D8;: &#x10E0;&#x10D4;&#x10D3;&#x10D0;&#x10E5;&#x10E2;&#x10DD;&#x10E0;&#x10D4;&#x10D1;&#x10D8; &#x10D4;&#x10D7;&#x10D4;&#x10E0; &#x10DB;&#x10E8;&#x10D5;&#x10D8;&#x10D3;&#x10DD;&#x10D1;&#x10D0;&#x10EB;&#x10D4;, &#x10DA;&#x10D8;&#x10D0; &#x10DF;&#x10DD;&#x10E0;&#x10DF;&#x10D8;&#x10D9;&#x10D0;&#x10E8;&#x10D5;&#x10D8;&#x10DA;&#x10D8;</subfield>
  </datafield>
  <datafield tag="250" ind1=" " ind2=" ">
    <subfield code="a">&#x10DE;&#x10D8;&#x10E0;&#x10D5;&#x10D4;&#x10DA;&#x10D8; &#x10D2;&#x10D0;&#x10DB;&#x10DD;&#x10EA;&#x10D4;&#x10DB;&#x10D0;</subfield>
  </datafield>
  <datafield tag="264" ind1=" " ind2=" ">
    <subfield code="a">&#x10D7;&#x10D1;&#x10D8;&#x10DA;&#x10D8;&#x10E1;&#x10D8;,</subfield>
    <subfield code="c">2023.</subfield>
  </datafield>
  <datafield tag="300" ind1=" " ind2=" ">
    <subfield code="a">261 &#x10D2;&#x10D5;.:</subfield>
    <subfield code="b"> &#x10E1;&#x10E3;&#x10E0;., &#x10EA;&#x10EE;&#x10E0;.</subfield>
    <subfield code="c">24 &#x10E1;&#x10DB;.</subfield>
  </datafield>
  <datafield tag="500" ind1=" " ind2=" ">
    <subfield code="a">&#x10E1;&#x10D0;&#x10D2;&#x10DC;&#x10DD;&#x10D1;&#x10E0;&#x10D8;&#x10D5;&#x10D8; &#x10E1;&#x10D0;&#x10EB;&#x10D8;&#x10D4;&#x10D1;&#x10D4;&#x10DA;&#x10D8;: &#x10D2;&#x10D5;. 256-261.</subfield>
  </datafield>
  <datafield tag="504" ind1=" " ind2=" ">
    <subfield code="a">&#x10D1;&#x10D8;&#x10D1;&#x10DA;&#x10D8;&#x10DD;&#x10D2;&#x10E0;&#x10D0;&#x10E4;&#x10D8;&#x10D0;: &#x10D2;&#x10D5;. 254-255.</subfield>
  </datafield>
  <datafield tag="653" ind1=" " ind2=" ">
    <subfield code="a">&#x10DD;&#x10E4;&#x10D7;&#x10D0;&#x10DA;&#x10DB;&#x10DD;&#x10DA;&#x10DD;&#x10D2;&#x10D8;&#x10D0;</subfield>
  </datafield>
  <datafield tag="653" ind1=" " ind2=" ">
    <subfield code="a">&#x10D7;&#x10D5;&#x10D0;&#x10DA;&#x10D8;&#x10E1; &#x10D3;&#x10D0;&#x10D0;&#x10D5;&#x10D0;&#x10D3;&#x10D4;&#x10D1;&#x10D4;&#x10D1;&#x10D8;</subfield>
  </datafield>
  <datafield tag="700" ind1=" " ind2=" ">
    <subfield code="a">&#x10DB;&#x10E8;&#x10D5;&#x10D8;&#x10D3;&#x10DD;&#x10D1;&#x10D0;&#x10EB;&#x10D4;, &#x10D4;&#x10D7;&#x10D4;&#x10E0;</subfield>
    <subfield code="e">&#x10E0;&#x10D4;&#x10D3;&#x10D0;&#x10E5;&#x10E2;&#x10DD;&#x10E0;&#x10D8;.</subfield>
    <subfield code="9">20251</subfield>
  </datafield>
  <datafield tag="700" ind1=" " ind2=" ">
    <subfield code="a">&#x10DF;&#x10DD;&#x10E0;&#x10DF;&#x10D8;&#x10D9;&#x10D0;&#x10E8;&#x10D5;&#x10D8;&#x10DA;&#x10D8;, &#x10DA;&#x10D8;&#x10D0;,</subfield>
    <subfield code="e">&#x10E0;&#x10D4;&#x10D3;&#x10D0;&#x10E5;&#x10E2;&#x10DD;&#x10E0;&#x10D8;</subfield>
    <subfield code="9">20252</subfield>
  </datafield>
  <datafield tag="942" ind1=" " ind2=" ">
    <subfield code="2">udc</subfield>
    <subfield code="c">&#x1CAC;&#x1C98;&#x1C92;&#x1C9C;&#x1C98;</subfield>
  </datafield>
  <datafield tag="952" ind1=" " ind2=" ">
    <subfield code="0">0</subfield>
    <subfield code="1">0</subfield>
    <subfield code="2">udc</subfield>
    <subfield code="4">0</subfield>
    <subfield code="6">61770758_&#x10D3;40</subfield>
    <subfield code="7">0</subfield>
    <subfield code="9">96269</subfield>
    <subfield code="a">CPL</subfield>
    <subfield code="b">CPL</subfield>
    <subfield code="c">GEN</subfield>
    <subfield code="d">2023-10-26</subfield>
    <subfield code="g">65.00</subfield>
    <subfield code="o">617.7(075.8) &#x10D3;-40</subfield>
    <subfield code="p">29932</subfield>
    <subfield code="r">2023-10-26</subfield>
    <subfield code="t">29932</subfield>
    <subfield code="w">2023-10-26</subfield>
    <subfield code="y">&#x1CAC;&#x1C98;&#x1C92;&#x1C9C;&#x1C98;</subfield>
    <subfield code="z">65 &#x10DA;.</subfield>
  </datafield>
  <datafield tag="952" ind1=" " ind2=" ">
    <subfield code="0">0</subfield>
    <subfield code="1">0</subfield>
    <subfield code="2">udc</subfield>
    <subfield code="4">0</subfield>
    <subfield code="6">61770758_&#x10D3;40</subfield>
    <subfield code="7">0</subfield>
    <subfield code="9">96270</subfield>
    <subfield code="a">CPL</subfield>
    <subfield code="b">CPL</subfield>
    <subfield code="c">GEN</subfield>
    <subfield code="d">2023-10-26</subfield>
    <subfield code="g">65.00</subfield>
    <subfield code="o">617.7(075.8) &#x10D3;-40</subfield>
    <subfield code="p">29933</subfield>
    <subfield code="r">2023-10-26</subfield>
    <subfield code="t">29933</subfield>
    <subfield code="w">2023-10-26</subfield>
    <subfield code="y">&#x1CAC;&#x1C98;&#x1C92;&#x1C9C;&#x1C98;</subfield>
    <subfield code="z">65 &#x10DA;.</subfield>
  </datafield>
  <datafield tag="952" ind1=" " ind2=" ">
    <subfield code="0">0</subfield>
    <subfield code="1">0</subfield>
    <subfield code="2">udc</subfield>
    <subfield code="4">0</subfield>
    <subfield code="6">61770758_&#x10D3;40</subfield>
    <subfield code="7">0</subfield>
    <subfield code="9">96271</subfield>
    <subfield code="a">CPL</subfield>
    <subfield code="b">CPL</subfield>
    <subfield code="c">GEN</subfield>
    <subfield code="d">2023-10-26</subfield>
    <subfield code="g">65.00</subfield>
    <subfield code="o">617.7(075.8) &#x10D3;-40</subfield>
    <subfield code="p">29934</subfield>
    <subfield code="r">2023-10-26</subfield>
    <subfield code="t">29934</subfield>
    <subfield code="w">2023-10-26</subfield>
    <subfield code="y">&#x1CAC;&#x1C98;&#x1C92;&#x1C9C;&#x1C98;</subfield>
    <subfield code="z">65 &#x10DA;.</subfield>
  </datafield>
  <datafield tag="952" ind1=" " ind2=" ">
    <subfield code="0">0</subfield>
    <subfield code="1">0</subfield>
    <subfield code="2">udc</subfield>
    <subfield code="4">0</subfield>
    <subfield code="6">61770758_&#x10D3;40</subfield>
    <subfield code="7">0</subfield>
    <subfield code="9">96272</subfield>
    <subfield code="a">CPL</subfield>
    <subfield code="b">CPL</subfield>
    <subfield code="c">GEN</subfield>
    <subfield code="d">2023-10-26</subfield>
    <subfield code="g">65.00</subfield>
    <subfield code="o">617.7(075.8) &#x10D3;-40</subfield>
    <subfield code="p">29935</subfield>
    <subfield code="r">2023-10-26</subfield>
    <subfield code="t">29935</subfield>
    <subfield code="w">2023-10-26</subfield>
    <subfield code="y">&#x1CAC;&#x1C98;&#x1C92;&#x1C9C;&#x1C98;</subfield>
    <subfield code="z">65 &#x10DA;.</subfield>
  </datafield>
  <datafield tag="952" ind1=" " ind2=" ">
    <subfield code="0">0</subfield>
    <subfield code="1">0</subfield>
    <subfield code="2">udc</subfield>
    <subfield code="4">0</subfield>
    <subfield code="6">61770758_&#x10D3;40</subfield>
    <subfield code="7">0</subfield>
    <subfield code="9">96273</subfield>
    <subfield code="a">CPL</subfield>
    <subfield code="b">CPL</subfield>
    <subfield code="c">GEN</subfield>
    <subfield code="d">2023-10-26</subfield>
    <subfield code="g">65.00</subfield>
    <subfield code="o">617.7(075.8) &#x10D3;-40</subfield>
    <subfield code="p">29936</subfield>
    <subfield code="r">2023-10-26</subfield>
    <subfield code="t">29936</subfield>
    <subfield code="w">2023-10-26</subfield>
    <subfield code="y">&#x1CAC;&#x1C98;&#x1C92;&#x1C9C;&#x1C98;</subfield>
    <subfield code="z">65 &#x10DA;.</subfield>
  </datafield>
  <datafield tag="952" ind1=" " ind2=" ">
    <subfield code="0">0</subfield>
    <subfield code="1">0</subfield>
    <subfield code="2">udc</subfield>
    <subfield code="4">0</subfield>
    <subfield code="6">61770758_&#x10D3;40</subfield>
    <subfield code="7">0</subfield>
    <subfield code="9">96274</subfield>
    <subfield code="a">CPL</subfield>
    <subfield code="b">CPL</subfield>
    <subfield code="c">GEN</subfield>
    <subfield code="d">2023-10-26</subfield>
    <subfield code="g">65.00</subfield>
    <subfield code="o">617.7(075.8) &#x10D3;-40</subfield>
    <subfield code="p">29937</subfield>
    <subfield code="r">2023-10-26</subfield>
    <subfield code="t">29937</subfield>
    <subfield code="w">2023-10-26</subfield>
    <subfield code="y">&#x1CAC;&#x1C98;&#x1C92;&#x1C9C;&#x1C98;</subfield>
    <subfield code="z">65 &#x10DA;.</subfield>
  </datafield>
  <datafield tag="952" ind1=" " ind2=" ">
    <subfield code="0">0</subfield>
    <subfield code="1">0</subfield>
    <subfield code="2">udc</subfield>
    <subfield code="4">0</subfield>
    <subfield code="6">61770758_&#x10D3;40</subfield>
    <subfield code="7">0</subfield>
    <subfield code="9">96275</subfield>
    <subfield code="a">CPL</subfield>
    <subfield code="b">CPL</subfield>
    <subfield code="c">GEN</subfield>
    <subfield code="d">2023-10-26</subfield>
    <subfield code="g">65.00</subfield>
    <subfield code="o">617.7(075.8) &#x10D3;-40</subfield>
    <subfield code="p">29938</subfield>
    <subfield code="r">2023-10-26</subfield>
    <subfield code="t">29938</subfield>
    <subfield code="w">2023-10-26</subfield>
    <subfield code="y">&#x1CAC;&#x1C98;&#x1C92;&#x1C9C;&#x1C98;</subfield>
    <subfield code="z">65 &#x10DA;.</subfield>
  </datafield>
  <datafield tag="952" ind1=" " ind2=" ">
    <subfield code="0">0</subfield>
    <subfield code="1">0</subfield>
    <subfield code="2">udc</subfield>
    <subfield code="4">0</subfield>
    <subfield code="6">61770758_&#x10D3;40</subfield>
    <subfield code="7">0</subfield>
    <subfield code="9">96276</subfield>
    <subfield code="a">CPL</subfield>
    <subfield code="b">CPL</subfield>
    <subfield code="c">GEN</subfield>
    <subfield code="d">2023-10-26</subfield>
    <subfield code="g">65.00</subfield>
    <subfield code="o">617.7(075.8) &#x10D3;-40</subfield>
    <subfield code="p">29939</subfield>
    <subfield code="r">2023-10-26</subfield>
    <subfield code="t">29939</subfield>
    <subfield code="w">2023-10-26</subfield>
    <subfield code="y">&#x1CAC;&#x1C98;&#x1C92;&#x1C9C;&#x1C98;</subfield>
    <subfield code="z">65 &#x10DA;.</subfield>
  </datafield>
  <datafield tag="952" ind1=" " ind2=" ">
    <subfield code="0">0</subfield>
    <subfield code="1">0</subfield>
    <subfield code="2">udc</subfield>
    <subfield code="4">0</subfield>
    <subfield code="6">61770758_&#x10D3;40</subfield>
    <subfield code="7">0</subfield>
    <subfield code="9">96277</subfield>
    <subfield code="a">CPL</subfield>
    <subfield code="b">CPL</subfield>
    <subfield code="c">GEN</subfield>
    <subfield code="d">2023-10-26</subfield>
    <subfield code="g">65.00</subfield>
    <subfield code="o">617.7(075.8) &#x10D3;-40</subfield>
    <subfield code="p">29940</subfield>
    <subfield code="r">2023-10-26</subfield>
    <subfield code="t">29940</subfield>
    <subfield code="w">2023-10-26</subfield>
    <subfield code="y">&#x1CAC;&#x1C98;&#x1C92;&#x1C9C;&#x1C98;</subfield>
    <subfield code="z">65 &#x10DA;.</subfield>
  </datafield>
  <datafield tag="952" ind1=" " ind2=" ">
    <subfield code="0">0</subfield>
    <subfield code="1">0</subfield>
    <subfield code="2">udc</subfield>
    <subfield code="4">0</subfield>
    <subfield code="6">61770758_&#x10D3;40</subfield>
    <subfield code="7">0</subfield>
    <subfield code="9">96278</subfield>
    <subfield code="a">CPL</subfield>
    <subfield code="b">CPL</subfield>
    <subfield code="c">GEN</subfield>
    <subfield code="d">2023-10-26</subfield>
    <subfield code="g">65.00</subfield>
    <subfield code="o">617.7(075.8) &#x10D3;-40</subfield>
    <subfield code="p">29941</subfield>
    <subfield code="r">2023-10-26</subfield>
    <subfield code="t">29941</subfield>
    <subfield code="w">2023-10-26</subfield>
    <subfield code="y">&#x1CAC;&#x1C98;&#x1C92;&#x1C9C;&#x1C98;</subfield>
    <subfield code="z">65 &#x10DA;.</subfield>
  </datafield>
</record>
